000 00443 a2200157 4500
999 _c9575
_d9575
022 _a2220-5470
050 _aKTZ2.23.A2Z56 2008
100 _aRowland J Reid
_eeditor
245 _aThe Zimbabwelaw reports 2008
_bpart 1
_cJ Reid Rowland
264 _aHarare :
_bLegal Resources Foundation
_c2010
300 _a418p.
500 _alaw report
650 _aLaw
_xLaw report
651 _aZimbabwe
942 _2lcc
_cSERIALS
_h2.23.A2Z56 2008
_iZIM
_kKTZ